[Event "Brühler SK 1 - Bochumer SV 1"]
[Site "NRW-Klasse, Gruppe 1 2016/201"]
[Date "2017.05.21"]
[Round "9.6"]
[White "Peters, Alex"]
[Black "Kiese, Matthias"]
[Result "1/2-1/2"]
[WhiteElo "2197"]
[BlackElo "2172"]
[PlyCount "44"]
[EventDate "2017.??.??"]
[WhiteTeam "Brühler SK 1"]
[BlackTeam "Bochumer SV 1"]

1. Nf3 Nf6 2. b3 g6 3. Bb2 Bg7 4. e3 O-O 5. Be2 b6 6. O-O Bb7 7. d4 d6 8. c4
Nbd7 9. Nc3 e6 10. Qc2 Qe7 11. Rfd1 c5 12. dxc5 Nxc5 13. Nd2 Rac8 14. Rac1 Rfd8
15. Qb1 a6 16. h3 Bc6 17. Bf3 Bxf3 18. Nxf3 Qb7 19. Qa1 Ne8 20. Qb1 Nf6 21. Qa1
Ne8 22. Qb1 Nf6 1/2-1/2

[Event "Brühler SK 1 - Bochumer SV 1"]
[Site "NRW-Klasse, Gruppe 1 2016/201"]
[Date "2017.05.21"]
[Round "9.7"]
[White "Pewny, Uwe"]
[Black "Spilles, Matthias"]
[Result "1-0"]
[WhiteElo "2172"]
[BlackElo "2152"]
[PlyCount "89"]
[EventDate "2017.??.??"]
[WhiteTeam "Bochumer SV 1"]
[BlackTeam "Brühler SK 1"]

1. e4 e6 2. d4 d5 3. Nc3 Nf6 4. e5 Nfd7 5. f4 c5 6. Nf3 Nc6 7. Be3 cxd4 8. Nxd4
Bc5 9. Qd2 O-O 10. O-O-O a6 11. h4 Nxd4 12. Bxd4 b5 13. Kb1 Qc7 14. Qe3 b4 15.
Na4 Bxd4 16. Qxd4 a5 17. Rc1 Ba6 18. Bd3 Rfc8 19. h5 Qc6 20. b3 Bb5 21. Bxb5
Qxb5 22. h6 g6 23. Rhd1 Rc6 24. c4 bxc3 25. Nxc3 Qb7 26. Na4 Rac8 27. Rxc6 Qxc6
28. Qd2 f6 29. exf6 Nxf6 30. Qb2 Kf7 31. g4 Ke8 32. Re1 Nxg4 33. Qh8+ Kd7 34.
Qxh7+ Kd6 35. Qxg6 Ne3 36. Qd3 Nc2 37. Rf1 Na3+ 38. Kb2 Nc4+ 39. Ka1 Qe8 40.
Qd4 Na3 41. Qe5+ Kc6 42. Rc1+ Kb7 43. Rxc8 Qxc8 44. Qc3 Qb8 45. Nc5+ 1-0

[Event "Brühler SK 1 - Bochumer SV 1"]
[Site "NRW-Klasse, Gruppe 1 2016/201"]
[Date "2017.05.21"]
[Round "9.8"]
[White "Gramb, Marius"]
[Black "Jellinghaus, Lars"]
[Result "1/2-1/2"]
[WhiteElo "2022"]
[BlackElo "2113"]
[Annotator "Daniel"]
[PlyCount "131"]
[EventDate "2017.??.??"]
[WhiteTeam "Brühler SK 1"]
[BlackTeam "Bochumer SV 1"]

1. d4 e6 2. c4 d5 3. Nf3 Nf6 4. g3 Be7 5. Bg2 O-O 6. O-O dxc4 7. Qc2 a6 8. a4
Bd7 9. Qxc4 Bc6 10. Bf4 Bd6 11. Bg5 Nbd7 12. Nc3 h6 13. Bxf6 Nxf6 14. Qd3 Bb4
15. Rfe1 Qe7 16. e4 Rfd8 17. Ne5 Be8 18. Qe3 c5 19. dxc5 Bxc5 20. Qe2 Bd4 21.
Nf3 $11 Bxc3 22. bxc3 e5 23. a5 Rac8 24. Rec1 Rc5 25. c4 Qc7 26. Qe1 Bc6 27.
Nh4 Rd4 28. Nf5 Rdxc4 29. Rxc4 Rxc4 30. f3 Bb5 31. Bf1 Qc5+ 32. Qe3 Qxe3+ 33.
Nxe3 Rc5 34. Bh3 Bc6 35. Nf5 Kf8 36. Ne3 g6 37. Kf2 Ke7 38. Ra2 Ne8 39. Bf1 Nd6
40. Bd3 Ke6 41. g4 Bb5 42. Bc2 Bc6 43. Bb3+ Ke7 44. h4 Nb5 45. h5 Nd4 46. hxg6
fxg6 47. Bc4 Kf6 48. Ra1 Kg5 49. Ra2 h5 50. gxh5 gxh5 51. Ra1 Nc2 52. Nxc2 Rxc4
53. Ne3 Ra4 54. Rg1+ Kf6 55. Rh1 Ra2+ 56. Kg3 Ra3 57. Kf2 Ra2+ 58. Kg3 Re2 59.
Nc4 Rc2 60. Ne3 Re2 61. Nc4 Bb5 62. Nd6 Kg5 63. Nf7+ Kf6 64. Nd6 Kg5 65. Nf7+
Kf6 66. Nd6 1/2-1/2

[Event "SVG Plettenberg 1 - SF Lieme 1"]
[Site "NRW-Klasse, Gruppe 1 2016/201"]
[Date "2017.05.21"]
[Round "9.1"]
[White "Essing, Arnold"]
[Black "Haub, Thorsten Michael"]
[Result "0-1"]
[WhiteElo "2192"]
[BlackElo "2396"]
[PlyCount "62"]
[EventDate "2017.??.??"]
[WhiteTeam "SF Lieme 1"]
[BlackTeam "SVG Plettenberg 1"]

1. d4 g6 2. h4 h6 3. e4 d6 4. Nc3 Bg7 5. Be3 a6 6. Qd2 b5 7. O-O-O Bb7 8. f3 c6
9. Kb1 Nd7 10. Nh3 Nb6 11. Bd3 Qc7 12. Ne2 O-O-O 13. Nc1 Nf6 14. g4 Nfd7 15. c3
Nc4 16. Bxc4 bxc4 17. Qe2 Nb6 18. Rhe1 Kb8 19. Bg1 Ka8 20. f4 Rb8 21. Qc2 Bc8
22. f5 Rb7 23. Bh2 Bd7 24. Nf4 Rhb8 25. Ka1 c5 26. Rd2 cxd4 27. cxd4 Na4 28.
Nd5 Qa5 29. Qxc4 Nxb2 30. Qc3 Na4 31. Qxa5 Rb1# 0-1

[Event "SVG Plettenberg 1 - SF Lieme 1"]
[Site "NRW-Klasse, Gruppe 1 2016/201"]
[Date "2017.05.21"]
[Round "9.2"]
[White "Bosch, Jeroen"]
[Black "Wittke, Rene"]
[Result "1-0"]
[WhiteElo "2409"]
[BlackElo "2213"]
[PlyCount "141"]
[EventDate "2017.??.??"]
[WhiteTeam "SVG Plettenberg 1"]
[BlackTeam "SF Lieme 1"]

1. d4 Nf6 2. c4 Nc6 3. Nf3 e6 4. g3 d5 5. Bg2 dxc4 6. Qa4 Bb4+ 7. Bd2 Nd5 8.
Bxb4 Ndxb4 9. O-O Rb8 10. Na3 a6 11. Ne5 O-O 12. Nxc6 Nxc6 13. Bxc6 bxc6 14.
Nxc4 Qxd4 15. Rfd1 Qe4 16. Rd2 Rb5 17. Rad1 Bb7 18. Qc2 c5 19. f3 Qxc2 20. Rxc2
Bd5 21. b3 Rfb8 22. Rdc1 Bxc4 23. Rxc4 Kf8 24. Rxc5 Rxc5 25. Rxc5 Rb7 26. Kf2
Ke7 27. Ke3 Kd6 28. Ra5 Ra7 29. b4 c6 30. Kd4 Rb7 31. Kc4 Rb6 32. f4 f6 33. g4
Kc7 34. g5 Rb5 35. gxf6 gxf6 36. Rxa6 Rh5 37. Ra7+ Kd6 38. Rf7 Rxh2 39. e4 Re2
40. Kd3 Rxa2 41. Rxf6 Ra7 42. Rh6 Rf7 43. f5 Re7 44. Kd4 Kd7 45. fxe6+ Rxe6 46.
Rxh7+ Kd6 47. Rf7 Re8 48. Rf6+ Kc7 49. e5 Kb6 50. Rd6 Kc7 51. Ke4 Rh8 52. Rf6
Kb6 53. Rf1 Kb5 54. Rb1 Kb6 55. e6 Kc7 56. Ke5 Rh2 57. Rd1 Re2+ 58. Kf6 Rf2+
59. Kg7 Re2 60. Kf7 Rf2+ 61. Ke7 Rf4 62. Rb1 Rf2 63. b5 cxb5 64. Rxb5 Kc6 65.
Rb1 Ra2 66. Rc1+ Kd5 67. Rd1+ Ke5 68. Re1+ Kd5 69. Kf7 Rf2+ 70. Ke8 Kd6 71. e7
1-0

[Event "SVG Plettenberg 1 - SF Lieme 1"]
[Site "NRW-Klasse, Gruppe 1 2016/201"]
[Date "2017.05.21"]
[Round "9.3"]
[White "Schaffarczyk, Andre"]
[Black "Klip, Hans"]
[Result "1/2-1/2"]
[WhiteElo "2077"]
[BlackElo "2302"]
[PlyCount "30"]
[EventDate "2017.??.??"]
[WhiteTeam "SF Lieme 1"]
[BlackTeam "SVG Plettenberg 1"]

1. e4 e5 2. Nf3 Nc6 3. Nc3 Nf6 4. Bb5 Bc5 5. O-O O-O 6. Nxe5 Nxe5 7. d4 Bd6 8.
f4 Neg4 9. e5 Bb4 10. exf6 Nxf6 11. f5 c6 12. Bd3 d5 13. Bg5 h6 14. Bh4 Re8 15.
Qf3 Qd6 1/2-1/2

[Event "SVG Plettenberg 1 - SF Lieme 1"]
[Site "NRW-Klasse, Gruppe 1 2016/201"]
[Date "2017.05.21"]
[Round "9.4"]
[White "Schulze, Marc"]
[Black "Stork, Holger"]
[Result "1-0"]
[WhiteElo "2153"]
[BlackElo "2110"]
[PlyCount "87"]
[EventDate "2017.??.??"]
[WhiteTeam "SVG Plettenberg 1"]
[BlackTeam "SF Lieme 1"]

1. d4 Nf6 2. Bf4 e6 3. e3 c5 4. Nf3 d5 5. Nbd2 Nc6 6. c3 Bd6 7. Bg3 O-O 8. Bd3
b6 9. Ne5 Bb7 10. f4 Ne7 11. Qf3 Nf5 12. Bf2 Be7 13. Qh3 Nd6 14. Bh4 Nfe4 15.
Bxe7 Qxe7 16. O-O f6 17. Bxe4 dxe4 18. Ng4 cxd4 19. exd4 Rac8 20. a4 a6 21. Ne3
f5 22. Qg3 Bd5 23. b3 b5 24. axb5 axb5 25. Rfc1 Qb7 26. Qe1 Rfd8 27. c4 bxc4
28. bxc4 Bc6 29. Rcb1 Qc7 30. Nb3 Nb7 31. g3 g6 32. Qb4 Rb8 33. Ra7 Qg7 34. d5
exd5 35. cxd5 Rxd5 36. Nxd5 Bxd5 37. Nc5 e3 38. Nxb7 e2 39. Qc5 e1=Q+ 40. Rxe1
Bxb7 41. Re7 Qb2 42. Rexb7 Qxb7 43. Rxb7 Rxb7 44. Qc8+ 1-0

[Event "SVG Plettenberg 1 - SF Lieme 1"]
[Site "NRW-Klasse, Gruppe 1 2016/201"]
[Date "2017.05.21"]
[Round "9.5"]
[White "Niermann, Tristan"]
[Black "Pieper, Dawid"]
[Result "1-0"]
[WhiteElo "2231"]
[BlackElo "2157"]
[PlyCount "63"]
[EventDate "2017.??.??"]
[WhiteTeam "SF Lieme 1"]
[BlackTeam "SVG Plettenberg 1"]

1. d4 e6 2. c4 f5 3. g3 Nf6 4. Bg2 Be7 5. Nf3 d6 6. O-O O-O 7. Nc3 Ne4 8. Nxe4
fxe4 9. Nd2 d5 10. f3 c5 11. fxe4 Rxf1+ 12. Nxf1 dxc4 13. d5 Nc6 14. Bf4 exd5
15. exd5 Nd4 16. e3 Nf5 17. e4 Nd4 18. Ne3 b5 19. Nc2 Bg5 20. Nxd4 Bxf4 21.
gxf4 cxd4 22. Qxd4 Qb6 23. Qxb6 axb6 24. e5 Bb7 25. Rd1 Rxa2 26. d6 Bc8 27. d7
Bxd7 28. Rxd7 Rxb2 29. e6 Kf8 30. Rf7+ Kg8 31. Rc7 Kf8 32. e7+ 1-0

[Event "SVG Plettenberg 1 - SF Lieme 1"]
[Site "NRW-Klasse, Gruppe 1 2016/201"]
[Date "2017.05.21"]
[Round "9.6"]
[White "Jansen, Dirk Norbert"]
[Black "Schulte, Oliver"]
[Result "1-0"]
[WhiteElo "2158"]
[BlackElo "2042"]
[Annotator "Daniel"]
[PlyCount "43"]
[EventDate "2017.??.??"]
[WhiteTeam "SVG Plettenberg 1"]
[BlackTeam "SF Lieme 1"]

1. e4 c6 2. Nf3 d5 3. exd5 cxd5 4. Ne5 Nc6 5. d4 Nxe5 6. dxe5 e6 7. Nc3 Bd7 8.
Bd3 Ne7 9. O-O h6 $11 10. Re1 a6 11. Qf3 Qc7 12. h4 Nc6 13. Bf4 Be7 14. Nxd5
Qd8 15. Nxe7 Qxe7 16. h5 Qh4 17. Rad1 O-O-O 18. Be4 g6 19. Bg3 Qe7 20. Rd6 gxh5
21. Qa3 Kb8 22. Red1 1-0

[Event "SVG Plettenberg 1 - SF Lieme 1"]
[Site "NRW-Klasse, Gruppe 1 2016/201"]
[Date "2017.05.21"]
[Round "9.7"]
[White "Stukenbrok, Nils"]
[Black "Klippert, Jan Oliver"]
[Result "1/2-1/2"]
[WhiteElo "2000"]
[BlackElo "1780"]
[Annotator "Daniel"]
[PlyCount "89"]
[EventDate "2017.??.??"]
[WhiteTeam "SF Lieme 1"]
[BlackTeam "SVG Plettenberg 1"]

1. d4 d5 2. c4 e6 3. Nc3 Nf6 4. cxd5 exd5 5. Bg5 Be7 6. e3 O-O 7. Bd3 h6 8. Bh4
Be6 9. Nge2 Nbd7 10. O-O c5 11. Nf4 Qb6 12. Na4 Qd8 13. Nxc5 Nxc5 14. dxc5 Bxc5
15. Bc2 Bg4 16. Qd3 g5 17. h3 gxh4 18. hxg4 Re8 19. Rad1 Re5 20. Bb3 Nxg4 21.
Bxd5 Qf6 22. Qg6+ Qxg6 23. Nxg6 Rg5 24. Nxh4 Re8 25. Nf3 Rh5 26. e4 Re7 27. g3
Kg7 28. Nh4 Kf6 29. Rd3 Ne5 30. Rb3 b6 31. Kg2 Re8 32. f4 Ng4 33. e5+ Kg7 34.
Bf3 Rxh4 35. gxh4 Ne3+ 36. Rxe3 Bxe3 37. Bg4 Rd8 $11 38. Kf3 Bc5 39. Ke4 Rd4+
40. Kf5 Rd2 41. b4 Bxb4 42. Rc1 Bc5 43. a4 a5 44. Rc4 Rd4 45. Rxd4 1/2-1/2

[Event "SVG Plettenberg 1 - SF Lieme 1"]
[Site "NRW-Klasse, Gruppe 1 2016/201"]
[Date "2017.05.21"]
[Round "9.8"]
[White "Kraemer, Roland"]
[Black "Stork, Joachim"]
[Result "0-1"]
[WhiteElo "1683"]
[BlackElo "1946"]
[PlyCount "66"]
[EventDate "2017.??.??"]
[WhiteTeam "SVG Plettenberg 1"]
[BlackTeam "SF Lieme 1"]

1. d4 f5 2. Nf3 Nf6 3. e3 e6 4. Bd3 b6 5. O-O Bb7 6. c4 Be7 7. Nc3 O-O 8. b3
Ne4 9. Bb2 d6 10. Qe2 Nd7 11. Nd2 Nxd2 12. Qxd2 Nf6 13. Qe2 Ne4 14. f3 Nxc3 15.
Bxc3 Qe8 16. e4 f4 17. e5 d5 18. Rac1 Rc8 19. Rc2 c5 20. Rfc1 Qd7 21. Bb2 cxd4
22. Bxd4 dxc4 23. Rxc4 b5 24. Bxh7+ Kxh7 25. Qd3+ Kg8 26. Rxc8 Rxc8 27. Rxc8+
Qxc8 28. Bxa7 Qc1+ 29. Kf2 b4 30. Qb5 Qc6 31. Qd3 Ba6 32. Qd2 Bc5+ 33. Bxc5
Qxc5+ 0-1

[Event "Bielefelder SK 1 - Ratinger SK 1"]
[Site "NRW-Klasse, Gruppe 1 2016/201"]
[Date "2017.05.21"]
[Round "9.1"]
[White "Preuschoff, Michael"]
[Black "Forchert, Martin"]
[Result "0-1"]
[WhiteElo "2114"]
[BlackElo "2253"]
[PlyCount "100"]
[EventDate "2017.??.??"]
[WhiteTeam "Ratinger SK 1"]
[BlackTeam "Bielefelder SK 1"]

1. c4 Nf6 2. Nc3 d5 3. cxd5 Nxd5 4. d4 g6 5. e3 Bg7 6. Nge2 Nb6 7. h4 h5 8. g3
Bg4 9. Bg2 Nc6 10. f3 Bd7 11. Ne4 e5 12. d5 Ne7 13. N2c3 Nf5 14. Kf2 Qe7 15. a4
Bh6 16. b3 Nc8 17. f4 Bg7 18. Ba3 Ncd6 19. Qd3 O-O 20. Nc5 exf4 21. gxf4 Bc8
22. e4 b6 23. exf5 bxc5 24. Bxc5 Bxf5 25. Qd2 Qf6 26. Rac1 Rfe8 27. Kg3 Bd7 28.
Bh3 Nf5+ 29. Kh2 Nxh4 30. Qf2 Bxh3 31. Kxh3 Nf5 32. Nb5 Qd8 33. Rhd1 a6 34. Na7
Qd7 35. Kh2 Nh6 36. Qf3 Qf5 37. Nc6 Bf6 38. Rc4 Ng4+ 39. Kg2 Kg7 40. b4 Rh8 41.
Nd4 Ne3+ 42. Qxe3 Qxd5+ 43. Nf3 Qxd1 44. Bd4 Bxd4 45. Rxd4 Qc2+ 46. Rd2 Qc6 47.
b5 axb5 48. axb5 Qf6 49. Rd7 Ra2+ 50. Nd2 Rd8 0-1

[Event "Bielefelder SK 1 - Ratinger SK 1"]
[Site "NRW-Klasse, Gruppe 1 2016/201"]
[Date "2017.05.21"]
[Round "9.2"]
[White "Kruse, Herbert"]
[Black "Welzel, Philipp"]
[Result "1-0"]
[WhiteElo "2184"]
[BlackElo "2163"]
[PlyCount "75"]
[EventDate "2017.??.??"]
[WhiteTeam "Bielefelder SK 1"]
[BlackTeam "Ratinger SK 1"]

1. e4 e5 2. Nf3 Nc6 3. Bb5 a6 4. Ba4 Nf6 5. O-O Be7 6. Re1 b5 7. Bb3 O-O 8. d3
d6 9. a3 Bb7 10. Nc3 Nb8 11. d4 Nbd7 12. dxe5 dxe5 13. Nd5 h6 14. Nxf6+ Nxf6
15. Nxe5 Bxe4 16. Bf4 Bd6 17. Rxe4 Nxe4 18. Nxf7 Rxf7 19. Bxf7+ Kxf7 20. Qd5+
Kf8 21. Qxe4 Bxf4 22. Qxf4+ Kg8 23. Qe4 Qe8 24. Qd5+ Kh8 25. Rd1 c6 26. Qf3 Rd8
27. Rxd8 Qxd8 28. g3 Qd6 29. Kg2 c5 30. h4 c4 31. g4 Qe7 32. h5 Qd6 33. a4 Kg8
34. Qa8+ Kh7 35. Qe4+ Kg8 36. axb5 axb5 37. Qe8+ Kh7 38. Qxb5 1-0

[Event "Bielefelder SK 1 - Ratinger SK 1"]
[Site "NRW-Klasse, Gruppe 1 2016/201"]
[Date "2017.05.21"]
[Round "9.3"]
[White "Busch, Christian"]
[Black "Simon, Hans Christian"]
[Result "1/2-1/2"]
[WhiteElo "2074"]
[BlackElo "2141"]
[PlyCount "32"]
[EventDate "2017.??.??"]
[WhiteTeam "Ratinger SK 1"]
[BlackTeam "Bielefelder SK 1"]

1. d4 f5 2. g3 Nf6 3. Bg2 g6 4. Nf3 Bg7 5. O-O O-O 6. c4 d6 7. Nc3 c6 8. Rb1
Ne4 9. Qc2 Nxc3 10. Qxc3 e5 11. dxe5 dxe5 12. Nxe5 Nd7 13. f4 Qe7 14. Rf3 Nxe5
15. fxe5 Bxe5 16. Bg5 Bxc3 1/2-1/2

[Event "Bielefelder SK 1 - Ratinger SK 1"]
[Site "NRW-Klasse, Gruppe 1 2016/201"]
[Date "2017.05.21"]
[Round "9.4"]
[White "Goeßling, Guido"]
[Black "Nent, Alexander"]
[Result "1-0"]
[WhiteElo "2127"]
[BlackElo "2090"]
[PlyCount "21"]
[EventDate "2017.??.??"]
[WhiteTeam "Bielefelder SK 1"]
[BlackTeam "Ratinger SK 1"]

1. e4 c6 2. d4 d5 3. f3 dxe4 4. fxe4 e5 5. Nf3 exd4 6. Bc4 Be7 7. O-O Nf6 8.
Ng5 O-O 9. Nxf7 Qb6 10. Rxf6 Bxf6 11. Qh5 1-0

[Event "Bielefelder SK 1 - Ratinger SK 1"]
[Site "NRW-Klasse, Gruppe 1 2016/201"]
[Date "2017.05.21"]
[Round "9.5"]
[White "Graeber, Ralf"]
[Black "Klatt, Jan"]
[Result "1-0"]
[WhiteElo "2141"]
[BlackElo "2089"]
[PlyCount "63"]
[EventDate "2017.??.??"]
[WhiteTeam "Ratinger SK 1"]
[BlackTeam "Bielefelder SK 1"]

1. c4 g6 2. g3 Bg7 3. Bg2 d6 4. Nc3 Nd7 5. e4 e5 6. Nge2 Ne7 7. d4 O-O 8. Be3
f5 9. Qb3 exd4 10. Bxd4 Bxd4 11. Nxd4 Nc5 12. Qc2 fxe4 13. O-O Nf5 14. Qd2 Qf6
15. Ndb5 c6 16. Nc7 Rb8 17. b4 Qg7 18. bxc5 Qxc7 19. Qf4 b6 20. cxb6 axb6 21.
Nxe4 Be6 22. c5 Rbd8 23. Ng5 Bc8 24. cxb6 Qxb6 25. Rab1 Qc7 26. Rfc1 c5 27.
Bd5+ Kh8 28. Qe4 Nh6 29. Rb5 Qg7 30. Qh4 Nf5 31. Nf7+ Qxf7 32. Qxd8 1-0

[Event "Bielefelder SK 1 - Ratinger SK 1"]
[Site "NRW-Klasse, Gruppe 1 2016/201"]
[Date "2017.05.21"]
[Round "9.6"]
[White "Roemhild, Marcus"]
[Black "Probst, Andreas"]
[Result "1/2-1/2"]
[WhiteElo "2035"]
[BlackElo "2107"]
[PlyCount "65"]
[EventDate "2017.??.??"]
[WhiteTeam "Bielefelder SK 1"]
[BlackTeam "Ratinger SK 1"]

1. c4 Nf6 2. Nc3 d6 3. g3 g6 4. Bg2 Bg7 5. d3 O-O 6. Nf3 e5 7. Rb1 Nc6 8. b4 h6
9. O-O Nh5 10. b5 Ne7 11. Nd2 f5 12. Nd5 f4 13. Ba3 Kh8 14. Nxe7 Qxe7 15. c5 d5
16. Bxd5 Bh3 17. Bg2 Bxg2 18. Kxg2 fxg3 19. hxg3 Qe6 20. e3 Qxa2 21. Nc4 e4 22.
Rb2 Bxb2 23. Bxb2+ Kh7 24. Qc2 exd3 25. Qxd3 Qa4 26. Qd7+ Kg8 27. Qd3 Kh7 28.
Ne5 Rg8 29. Ra1 Qb4 30. Ba3 Qa4 31. Bb2 Qb4 32. Ba3 Qa4 33. Bb2 1/2-1/2

[Event "Bielefelder SK 1 - Ratinger SK 1"]
[Site "NRW-Klasse, Gruppe 1 2016/201"]
[Date "2017.05.21"]
[Round "9.7"]
[White "Liedtke, Dirk"]
[Black "Gruettemeier, Uwe"]
[Result "1-0"]
[WhiteElo "2103"]
[BlackElo "2009"]
[PlyCount "55"]
[EventDate "2017.??.??"]
[WhiteTeam "Ratinger SK 1"]
[BlackTeam "Bielefelder SK 1"]

1. c4 c6 2. Nf3 g6 3. g3 Bg7 4. Bg2 d6 5. Nc3 Nf6 6. d4 O-O 7. O-O Bf5 8. Nh4
Be6 9. d5 Bd7 10. h3 Na6 11. Be3 cxd5 12. cxd5 b6 13. Qd2 Nc5 14. Bh6 Rc8 15.
Bxg7 Kxg7 16. Rac1 a5 17. Qd4 Rc7 18. e4 Qc8 19. g4 Kg8 20. Qe3 Kg7 21. f4 Qa6
22. e5 Ng8 23. Ne4 Rfc8 24. exd6 exd6 25. Nxd6 Bb5 26. Nxc8 Bxf1 27. Qe5+ Kf8
28. Qxc7 1-0

[Event "Bielefelder SK 1 - Ratinger SK 1"]
[Site "NRW-Klasse, Gruppe 1 2016/201"]
[Date "2017.05.21"]
[Round "9.8"]
[White "Danielmeier, Ralf"]
[Black "Dinescu, Adrian"]
[Result "1-0"]
[WhiteElo "1986"]
[BlackElo "2008"]
[PlyCount "77"]
[EventDate "2017.??.??"]
[WhiteTeam "Bielefelder SK 1"]
[BlackTeam "Ratinger SK 1"]

1. e4 e6 2. d4 d5 3. exd5 exd5 4. Bd3 Nf6 5. Bf4 c5 6. Nf3 Be7 7. O-O O-O 8.
dxc5 Bxc5 9. Nbd2 Bg4 10. h3 Bh5 11. c3 Nc6 12. Qb3 Qd7 13. Ne5 Nxe5 14. Bxe5
Ne4 15. Bxe4 dxe4 16. Nxe4 Bb6 17. Ng3 Bg6 18. Rad1 Qc6 19. Rd6 Qc8 20. Rd5 Re8
21. Bd4 Bc7 22. Nh5 Bxh5 23. Rxh5 h6 24. Rh4 Re6 25. Rg4 g6 26. f4 Bb6 27. f5
Bxd4+ 28. cxd4 Rb6 29. Qe3 g5 30. f6 Rb5 31. b3 Qe8 32. Re4 Qc6 33. Rc1 Qd7 34.
Re7 Qd5 35. h4 Rb4 36. Re4 Rd8 37. Rc5 Qd7 38. Rxg5+ Kf8 39. Rgg4 1-0

[Event "PSV Duisburg 1 - SK Münster 1"]
[Site "NRW-Klasse, Gruppe 1 2016/201"]
[Date "2017.05.21"]
[Round "9.1"]
[White "Muschik, Benedikt"]
[Black "Wengenroth, Walter"]
[Result "1/2-1/2"]
[WhiteElo "2245"]
[BlackElo "2250"]
[PlyCount "27"]
[EventDate "2017.??.??"]
[WhiteTeam "SK Münster 1"]
[BlackTeam "PSV Duisburg 1"]

1. d4 Nf6 2. Bf4 g6 3. e3 Bg7 4. Nf3 O-O 5. Be2 d6 6. h3 c5 7. c3 Qb6 8. Qb3
Be6 9. dxc5 Qc6 10. Qa3 dxc5 11. Ne5 Qc8 12. Nd2 Bd5 13. O-O b6 14. Qa4 1/2-1/2

[Event "PSV Duisburg 1 - SK Münster 1"]
[Site "NRW-Klasse, Gruppe 1 2016/201"]
[Date "2017.05.21"]
[Round "9.2"]
[White "Heisel, Guido"]
[Black "Webb, Laurence"]
[Result "0-1"]
[WhiteElo "2065"]
[BlackElo "2256"]
[PlyCount "56"]
[EventDate "2017.??.??"]
[WhiteTeam "PSV Duisburg 1"]
[BlackTeam "SK Münster 1"]

1. d4 Nf6 2. Bg5 e6 3. e4 h6 4. Bxf6 Qxf6 5. c3 c5 6. Nf3 cxd4 7. e5 Qd8 8.
Nxd4 d5 9. exd6 Qxd6 10. Nd2 a6 11. Be2 Be7 12. Qb3 Nd7 13. Rd1 O-O 14. O-O Rb8
15. Rfe1 b5 16. Nf1 Qb6 17. Qc2 Nf6 18. Bf3 Bb7 19. Qe2 Bc5 20. Nb3 Be7 21. Ne3
Rfd8 22. Nc2 Nd5 23. g3 Bf6 24. Be4 Ne7 25. Qf3 Bxe4 26. Qxe4 Qc6 27. Ncd4 Qxe4
28. Rxe4 e5 0-1

[Event "PSV Duisburg 1 - SK Münster 1"]
[Site "NRW-Klasse, Gruppe 1 2016/201"]
[Date "2017.05.21"]
[Round "9.3"]
[White "Holtel, Jasper"]
[Black "Kretschmann, Thomas"]
[Result "1/2-1/2"]
[WhiteElo "2266"]
[BlackElo "2106"]
[PlyCount "30"]
[EventDate "2017.??.??"]
[WhiteTeam "SK Münster 1"]
[BlackTeam "PSV Duisburg 1"]

1. e4 e5 2. Nf3 Nc6 3. Bc4 Be7 4. O-O Nf6 5. d3 d6 6. a4 O-O 7. Re1 h6 8. c3
Be6 9. Nbd2 Qd7 10. b4 a6 11. Qb3 b5 12. Bxe6 Qxe6 13. Qxe6 fxe6 14. Bb2 Nd7
15. axb5 axb5 1/2-1/2

[Event "PSV Duisburg 1 - SK Münster 1"]
[Site "NRW-Klasse, Gruppe 1 2016/201"]
[Date "2017.05.21"]
[Round "9.4"]
[White "Sirringhaus, Wilfried"]
[Black "Wolter, Kai"]
[Result "1/2-1/2"]
[WhiteElo "2107"]
[BlackElo "2229"]
[Annotator "Daniel"]
[PlyCount "127"]
[EventDate "2017.??.??"]
[WhiteTeam "PSV Duisburg 1"]
[BlackTeam "SK Münster 1"]

1. e4 c5 2. Nf3 e6 3. c3 d5 4. e5 Nc6 5. d4 Qb6 6. Bd3 cxd4 7. cxd4 Bd7 8. Nc3
Nxd4 9. Nxd4 Qxd4 10. O-O a6 11. Qf3 Ne7 12. Bf4 Bc6 13. Rfe1 Ng6 14. Bg3 Be7
15. a3 Rd8 16. Rad1 Qb6 17. b4 O-O 18. Qg4 Rfe8 19. h4 Nf8 20. h5 Rc8 21. Bh4
Bxh4 22. Qxh4 Qd8 23. Qf4 h6 24. Re3 Qg5 25. Qxg5 hxg5 26. Rg3 Nh7 27. Bxh7+
$11 Kxh7 28. Rxg5 f6 29. exf6 gxf6 30. Rg6 Rf8 31. Rd3 Be8 32. Rg4 Rg8 33. Rxg8
Kxg8 34. f4 f5 35. Re3 d4 36. Rg3+ Kh7 37. Ne2 Rd8 38. Rd3 Bxh5 39. Rxd4 Rg8
40. Rd7+ Rg7 41. Rxg7+ Kxg7 42. Nd4 Kf6 43. Nb3 b6 44. Nd2 Be2 45. Kf2 Bb5 46.
Nf3 Ke7 47. Ke3 Bc6 48. Ne1 Kd6 49. Kd4 Bd5 50. g3 Kc6 51. Nc2 Kd6 52. Ne3 Ba2
53. Nd1 Bd5 54. Nc3 Bb3 55. Ne2 Bd1 56. Nc1 Bc2 57. Na2 Bd1 58. Nc3 Bb3 59. Nb1
Ba2 60. Nd2 Bd5 61. a4 a5 62. b5 Ba2 63. Kc3 Bd5 64. Kd4 1/2-1/2

[Event "PSV Duisburg 1 - SK Münster 1"]
[Site "NRW-Klasse, Gruppe 1 2016/201"]
[Date "2017.05.21"]
[Round "9.5"]
[White "Chilla, Jan Eric"]
[Black "Sponheim, Marko"]
[Result "1/2-1/2"]
[WhiteElo "2187"]
[BlackElo "2068"]
[PlyCount "89"]
[EventDate "2017.??.??"]
[WhiteTeam "SK Münster 1"]
[BlackTeam "PSV Duisburg 1"]

1. Nf3 c5 2. b3 Nc6 3. Bb2 d6 4. d4 cxd4 5. Nxd4 Bd7 6. c4 Nf6 7. Nc3 Nxd4 8.
Qxd4 Bc6 9. e4 g6 10. Qd2 Bg7 11. Bd3 O-O 12. O-O a5 13. Rae1 Nd7 14. Kh1 Nc5
15. Bc2 Qb6 16. Nd5 Bxd5 17. Bxg7 Kxg7 18. exd5 Rae8 19. Re3 f5 20. Qd4+ Kg8
21. Rfe1 Qd8 22. a3 Rf7 23. b4 axb4 24. axb4 f4 25. Bxg6 hxg6 26. Rh3 e5 27.
dxe6 Rf6 28. bxc5 dxc5 29. Qxd8 Rxd8 30. e7 Re8 31. Rd3 Rb6 32. Rd5 Rxe7 33.
Red1 Rbe6 34. h4 b6 35. Rd6 Kf7 36. Kh2 Rxd6 37. Rxd6 Re4 38. Rxb6 Rxc4 39. Rc6
Rc3 40. f3 Rc2 41. Kh3 Kg7 42. Kg4 Rxg2+ 43. Kxf4 Rh2 44. Rxc5 Rxh4+ 45. Kg3
1/2-1/2

[Event "PSV Duisburg 1 - SK Münster 1"]
[Site "NRW-Klasse, Gruppe 1 2016/201"]
[Date "2017.05.21"]
[Round "9.6"]
[White "Brueggemann, Josef"]
[Black "Kamp, Christoph"]
[Result "0-1"]
[WhiteElo "1965"]
[BlackElo "2221"]
[PlyCount "98"]
[EventDate "2017.??.??"]
[WhiteTeam "PSV Duisburg 1"]
[BlackTeam "SK Münster 1"]

1. e4 e6 2. d4 d5 3. exd5 exd5 4. Bd3 Nc6 5. Ne2 Bd6 6. Nbc3 Nb4 7. O-O c6 8.
Bf4 Ne7 9. Bxd6 Qxd6 10. f4 Nxd3 11. Qxd3 Bf5 12. Qd2 O-O-O 13. Ng3 h5 14. Rae1
h4 15. Nxf5 Nxf5 16. Ne2 Rde8 17. Nc1 Re4 18. Nb3 b6 19. a4 Rhe8 20. a5 Ne3 21.
axb6 axb6 22. Rf2 Nc4 23. Rxe4 Rxe4 24. Qc1 Qe6 25. f5 Re1+ 26. Rf1 Rxc1 27.
fxe6 Rxf1+ 28. Kxf1 fxe6 29. Kf2 Kd7 30. Kf3 Ke7 31. Kg4 Kf6 32. Kxh4 Nxb2 33.
Kh5 Nc4 34. g4 Ne3 35. Na1 c5 36. g5+ Kf5 37. dxc5 bxc5 38. Nb3 Nxc2 39. Nxc5
Nd4 40. Nb7 Nb5 41. h4 d4 42. g6 Kf6 43. Nc5 e5 44. Ne4+ Kf5 45. Nd6+ Kf4 46.
Nxb5 d3 47. Nc3 d2 48. Ne2+ Kf5 49. Nd4+ Kf6 0-1

[Event "PSV Duisburg 1 - SK Münster 1"]
[Site "NRW-Klasse, Gruppe 1 2016/201"]
[Date "2017.05.21"]
[Round "9.7"]
[White "Molinaroli, Martin"]
[Black "Spitzer, Erwin"]
[Result "1-0"]
[WhiteElo "2205"]
[BlackElo "1887"]
[Annotator "Daniel"]
[PlyCount "35"]
[EventDate "2017.??.??"]
[WhiteTeam "SK Münster 1"]
[BlackTeam "PSV Duisburg 1"]

1. b3 c5 2. Bb2 Nc6 3. e3 d5 4. Bb5 Bd7 5. Nf3 e6 6. O-O Nf6 7. Bxc6 Bxc6 8.
Ne5 Rc8 $11 9. d3 Bd6 10. f4 O-O 11. Nd2 b5 12. Rf3 Nd7 13. Rh3 g6 14. Nxc6
Rxc6 15. Qh5 Re8 16. Qxh7+ Kf8 17. Qh6+ Ke7 18. Qg5+ 1-0